00490nam a2200133Ia 4500008004100000020001800041100002300059245009800082260004700180300002700227500003400254650003600288650003200324200110s9999 xx 000 0 und d a0-7931-7763-4 aThiederman, Sondra cSondra Thiederman.--aMaking diversity work : b7 steps for defeating bias in the workplace / aChicago :bDearborn Trade Publishingc2003 axix, 199 pagesc23 cm. aIncludes appendix,and index.  a Discrimination in employment. aDiversity in the workplace.